[Event "56th World U20 ch"]
[Site "Tarvisio ITA"]
[Date "2017.11.13"]
[Round "1.52"]
[White "Bischofberger, Dario"]
[Black "Petrov, Martin"]
[Result "0-1"]
[WhiteElo "2108"]
[BlackElo "2431"]
[EventDate "2017.11.13"]
[PlyCount "96"]

1.d4 Nf6 2.c4 e6 3.g3 d5 4.Nf3 Bb4+ 5.Bd2 Be7 6.Bg2 O-O 7.O-O c6 8.Qc2 b6 
9.Bf4 Nbd7 10.Rd1 Ba6 11.b3 Rc8 12.Nc3 Nh5 13.Bc1 Nhf6 14.Bf4 Nh5 15.Bc1 
f5 16.Bb2 Bd6 17.e3 g5 18.Ne2 Qf6 19.Qc3 Qg7 20.Ne5 Nhf6 21.Nxd7 Qxd7 22.
f3 h5 23.Rac1 Qh7 24.Qd2 Qh6 25.e4 fxe4 26.fxe4 Nxe4 27.Bxe4 dxe4 28.Qe3 
Qg6 29.Nc3 Bf4 30.Qe2 Bxc1 31.Rxc1 Bb7 32.Nxe4 Rcd8 33.c5 Ba6 34.Qe3 Rd5 
35.Re1 Rdf5 36.Nd2 Rf2 37.Bc3 Bc8 38.cxb6 axb6 39.Qe5 Qf5 40.Qxf5 R2xf5 
41.Nc4 Ba6 42.Nd2 Kf7 43.Bb4 c5 44.dxc5 bxc5 45.Bc3 Rd8 46.b4 Rd3 47.Ne4 
Bb7 48.Nxc5 Rxc5 0-1

[Event "56th World U20 ch"]
[Site "Tarvisio ITA"]
[Date "2017.11.13"]
[Round "1.53"]
[White "Vykouk, Jan"]
[Black "Heinechen, Juan"]
[Result "1-0"]
[WhiteElo "2430"]
[BlackElo "2101"]
[EventDate "2017.11.13"]
[PlyCount "47"]

1.e4 c5 2.Nf3 g6 3.d4 cxd4 4.Nxd4 Nc6 5.Nc3 Bg7 6.Be3 Nf6 7.Bc4 O-O 8.Bb3 
Ng4 9.Qxg4 Nxd4 10.Qd1 Nxb3 11.axb3 b6 12.h4 Bb7 13.h5 Bxc3+ 14.bxc3 Bxe4 
15.f3 Bb7 16.Qd4 Qc7 17.O-O-O e5 18.Qh4 Qxc3 19.Rd3 Qc6 20.hxg6 Qxg6 21.
Rh3 Kh8 22.Bg5 f6 23.Rxd7 Rf7 24.Rxf7 1-0

[Event "56th World U20 ch"]
[Site "Tarvisio ITA"]
[Date "2017.11.13"]
[Round "1.54"]
[White "Fuentes Parra, Victor Ignacio"]
[Black "Gomez Sanchez, Jorge Marcos"]
[Result "0-1"]
[WhiteElo "2087"]
[BlackElo "2426"]
[EventDate "2017.11.13"]
[PlyCount "62"]

1.d4 Nf6 2.Nf3 c5 3.e3 g6 4.b3 Bg7 5.Bb2 cxd4 6.exd4 O-O 7.Bd3 Nc6 8.O-O 
d5 9.a3 Bg4 10.Nbd2 Nh5 11.h3 Be6 12.b4 Nf4 13.Nb3 Qc8 14.Re1 Nxd3 15.cxd3
b6 16.Rc1 Qb7 17.b5 Nd8 18.a4 a6 19.Ra1 axb5 20.axb5 Rxa1 21.Nxa1 Qd7 22.
Qa4 Bf5 23.Ba3 Re8 24.Rd1 Bxh3 25.gxh3 Qxh3 26.Nh2 Ne6 27.Nc2 Nf4 28.Ne1 
e5 29.dxe5 Bxe5 30.Rd2 Ne2+ 31.Rxe2 Qxh2+ 0-1

[Event "56th World U20 ch"]
[Site "Tarvisio ITA"]
[Date "2017.11.13"]
[Round "1.55"]
[White "Vrolijk, Liam"]
[Black "Bayramov, Elkhan"]
[Result "1-0"]
[WhiteElo "2425"]
[BlackElo "2065"]
[EventDate "2017.11.13"]
[PlyCount "103"]

1.d4 f5 2.Nc3 d5 3.Bf4 Nf6 4.e3 e6 5.Nf3 Bd6 6.Bd3 O-O 7.O-O Bd7 8.Ne2 Be8
9.c4 Bh5 10.Bxd6 Qxd6 11.Ne5 Nbd7 12.cxd5 Nxd5 13.Nc4 Qe7 14.Qb3 Qb4 15.
Qc2 N7f6 16.Rac1 c6 17.Ne5 Rad8 18.a3 Qe7 19.Nc3 Kh8 20.Rfe1 Nb6 21.b4 
Nbd7 22.Nxd7 Rxd7 23.Na4 Qd6 24.Nc5 Re7 25.Bc4 Ng4 26.f4 g5 27.h3 Nf6 28.
fxg5 Nd5 29.Qf2 Rg7 30.Bxd5 exd5 31.Qf4 Qg6 32.g4 b6 33.gxh5 Qxg5+ 34.Qxg5
Rxg5+ 35.Kh2 bxc5 36.Rxc5 f4 37.exf4 Rxf4 38.Rxc6 Rf2+ 39.Kh1 Rf3 40.Re8+ 
Kg7 41.Rc7+ Rf7 42.h6+ Kf6 43.Rxf7+ Kxf7 44.Ra8 Rg3 45.Rxa7+ Kf6 46.Kh2 
Rd3 47.Rxh7 Rxd4 48.Ra7 Rh4 49.Kg3 Rh5 50.h7 Ke5 51.Kg4 Rh6 52.h4 1-0

[Event "56th World U20 ch"]
[Site "Tarvisio ITA"]
[Date "2017.11.13"]
[Round "1.56"]
[White "Lindholm, Jere"]
[Black "Liu Yan"]
[Result "0-1"]
[WhiteElo "2064"]
[BlackElo "2422"]
[EventDate "2017.11.13"]
[PlyCount "48"]

1.e4 c5 2.Nf3 d6 3.d4 cxd4 4.Nxd4 Nf6 5.Nc3 a6 6.g3 e5 7.Nde2 Nbd7 8.Bg2 
b5 9.h3 Bb7 10.g4 b4 11.g5 bxc3 12.gxf6 cxb2 13.fxg7 Bxg7 14.Bxb2 Qa5+ 15.
Bc3 Qc7 16.Qd2 Rc8 17.Rd1 Bf8 18.O-O Rg8 19.Kh1 Qc4 20.Qd3 Rxg2 21.Qxc4 
Rxc4 22.Kxg2 Rxe4 23.Kf3 Bh6 24.Bd2 Rd4+ 0-1

[Event "56th World U20 ch"]
[Site "Tarvisio ITA"]
[Date "2017.11.13"]
[Round "1.57"]
[White "Rakotomaharo, Fy Antenaina"]
[Black "Tarini, Goyal"]
[Result "1-0"]
[WhiteElo "2414"]
[BlackElo "2062"]
[EventDate "2017.11.13"]
[PlyCount "79"]

1.e4 c6 2.d4 d5 3.e5 Bf5 4.Nf3 e6 5.Be2 Ne7 6.Nbd2 Bg6 7.O-O Nf5 8.Nb3 Nd7
9.a4 a5 10.Bd2 Be7 11.g4 Nh4 12.Nxh4 Bxh4 13.f4 Be4 14.Bf3 Bxf3 15.Qxf3 
Be7 16.h4 O-O 17.h5 c5 18.Be3 cxd4 19.Nxd4 Bc5 20.c3 Rc8 21.Rae1 Bxd4 22.
Bxd4 Nc5 23.Re2 Ne4 24.Rh2 Rc4 25.b3 Rc6 26.Qe3 Qc8 27.c4 Nc5 28.f5 Ne4 
29.g5 exf5 30.cxd5 Rc2 31.Rxc2 Qxc2 32.Rc1 f4 33.Rxc2 fxe3 34.Bxe3 f6 35.
gxf6 gxf6 36.e6 Re8 37.Bf4 Kf8 38.Rc7 b6 39.d6 Rxe6 40.Rc8+ 1-0

[Event "56th World U20 ch"]
[Site "Tarvisio ITA"]
[Date "2017.11.13"]
[Round "1.58"]
[White "Piyumantha, M. Sasith Nipun"]
[Black "Nikolovski, Nikola"]
[Result "1/2-1/2"]
[WhiteElo "2032"]
[BlackElo "2412"]
[EventDate "2017.11.13"]
[PlyCount "85"]

1.d4 f5 2.e4 fxe4 3.Nc3 Nf6 4.Bg5 c6 5.Bxf6 exf6 6.Nxe4 d5 7.Ng3 Qe7+ 8.
Qe2 Nd7 9.f4 Nb6 10.f5 Kf7 11.O-O-O Qxe2 12.Bxe2 Bd6 13.Bd3 Bd7 14.N1e2 
Rae8 15.Rhf1 h5 16.h4 Re3 17.Rf3 Rxf3 18.gxf3 Nc8 19.Rf1 Ne7 20.f4 b6 21.
c3 c5 22.Kd2 a5 23.a3 Bb8 24.Ke3 Nc8 25.Kf3 Nd6 26.Rd1 Ba4 27.Rc1 Bc6 28.
Rd1 Ba7 29.Nf1 Re8 30.Nfg3 Bd7 31.Rg1 Rh8 32.Rd1 Bb8 33.Rg1 Bc7 34.Rd1 Bd8
35.Rg1 Be7 36.Rd1 Re8 37.Rg1 Kg8 38.Rd1 c4 39.Bc2 g6 40.fxg6 Bg4+ 41.Kg2 
f5 42.Rh1 Kg7 43.Nf1 1/2-1/2

[Event "56th World U20 ch"]
[Site "Tarvisio ITA"]
[Date "2017.11.13"]
[Round "1.59"]
[White "Peng Xiongjian"]
[Black "Hiebert, Kenji"]
[Result "1-0"]
[WhiteElo "2412"]
[BlackElo "2017"]
[EventDate "2017.11.13"]
[PlyCount "61"]

1.d4 Nf6 2.Bg5 d5 3.e3 c5 4.c3 Qb6 5.Qc2 Ne4 6.Bf4 Bf5 7.dxc5 Qxc5 8.Bd3 
e6 9.Qb3 Qc8 10.Bxb8 Qxb8 11.Nd2 Nxd2 12.Qb5+ Kd8 13.Bxf5 Nc4 14.Bd3 Ne5 
15.O-O-O Bd6 16.e4 a6 17.Qb6+ Bc7 18.Qb3 Nxd3+ 19.Rxd3 Ke7 20.exd5 Rd8 21.
Nf3 Kf8 22.Rhd1 Rxd5 23.Rxd5 exd5 24.Qxd5 Kg8 25.g3 h6 26.Nd4 b5 27.Nc6 
Qe8 28.Ne7+ Kf8 29.Re1 Qd8 30.Qf5 Bd6 31.Qh7 1-0

[Event "56th World U20 ch"]
[Site "Tarvisio ITA"]
[Date "2017.11.13"]
[Round "1.60"]
[White "Zenari, Marco"]
[Black "Keymer, Vincent"]
[Result "0-1"]
[WhiteElo "1997"]
[BlackElo "2405"]
[EventDate "2017.11.13"]
[PlyCount "86"]

1.e4 c5 2.Nf3 e6 3.d4 cxd4 4.Nxd4 a6 5.Nc3 Qc7 6.Be2 Nf6 7.O-O Nc6 8.Be3 
b5 9.f4 b4 10.Na4 Bb7 11.Bf3 d6 12.c3 bxc3 13.Nxc3 Nxd4 14.Bxd4 e5 15.Rc1 
exd4 16.Nb5 Qb6 17.Nc7+ Kd8 18.Nxa8 Bxa8 19.Kh1 d5 20.Qc2 Bb7 21.Rfe1 Bb4 
22.Re2 dxe4 23.Bxe4 Nxe4 24.Rxe4 Qc5 25.Rxd4+ Qxd4 26.Qc7+ Ke8 27.Qxb7 Be7
28.Re1 Qd6 29.Qc8+ Qd8 30.Qxa6 Kf8 31.Rc1 Qd5 32.Rc8+ Bd8 33.h3 h5 34.Qb6 
Ke7 35.Qa7+ Qd7 36.Qe3+ Kf6 37.Rc5 Kg6 38.Qe4+ f5 39.Rc6+ Bf6 40.Qf3 h4 
41.b4 Re8 42.b5 Re1+ 43.Kh2 Qd4 0-1

[Event "56th World U20 ch"]
[Site "Tarvisio ITA"]
[Date "2017.11.13"]
[Round "1.61"]
[White "Tin Jingyao"]
[Black "Willathgamuwa, Kevin"]
[Result "1-0"]
[WhiteElo "2404"]
[BlackElo "1996"]
[EventDate "2017.11.13"]
[PlyCount "53"]

1.d4 Nf6 2.c4 e5 3.dxe5 Ng4 4.Bf4 Nc6 5.Nf3 Bb4+ 6.Nc3 Qe7 7.Qb3 Ba5 8.Rd1
Ngxe5 9.Nxe5 Nxe5 10.Rd5 Nc6 11.Rxa5 Nxa5 12.Qa4 b6 13.Nd5 Qe4 14.Nxc7+ 
Kd8 15.e3 Rb8 16.Nb5 Rb7 17.Nd6 Qg6 18.Qd1 Rc7 19.Bd3 Qe6 20.Bf5 Qe7 21.
Qd5 Rf8 22.O-O Rc5 23.Qa8 Qf6 24.b4 Rc6 25.Rd1 Rxd6 26.Bxd6 Qxf5 27.Qb8 
1-0

[Event "56th World U20 ch"]
[Site "Tarvisio ITA"]
[Date "2017.11.13"]
[Round "1.62"]
[White "Terryn, Ezra"]
[Black "Bakhmatsky, Vladislav"]
[Result "0-1"]
[WhiteElo "1987"]
[BlackElo "2404"]
[EventDate "2017.11.13"]
[PlyCount "102"]

1.e4 c5 2.d4 cxd4 3.c3 Nf6 4.e5 Nd5 5.Nf3 Nc6 6.cxd4 d6 7.Bc4 dxe5 8.dxe5 
Ndb4 9.Qb3 e6 10.O-O Na5 11.Bb5+ Bd7 12.Qa4 Bxb5 13.Qxb5+ Nac6 14.Nc3 a6 
15.Qe2 Qd3 16.Rd1 Qxe2 17.Nxe2 Bc5 18.a3 Nd5 19.b4 Ba7 20.Bb2 O-O 21.Rac1 
Rfd8 22.Ned4 Nce7 23.g3 Rd7 24.Nb3 Rad8 25.Rd2 Nf5 26.Nbd4 Bxd4 27.Bxd4 
Nde7 28.Rcd1 Rc8 29.Bc5 Nd5 30.Nd4 Nfe7 31.Bxe7 Rxe7 32.Nf5 Rec7 33.Nd6 
Rd8 34.f4 Kf8 35.Kf2 Nc3 36.Re1 Nb5 37.Re3 Nxd6 38.exd6 Rc6 39.Red3 Ke8 
40.Ke3 Kd7 41.g4 Rdc8 42.f5 Re8 43.Kf2 exf5 44.gxf5 Re5 45.Kg3 Rxf5 46.Re3
Rxd6 47.Rxd6+ Kxd6 48.Re8 a5 49.Rb8 Kc7 50.Re8 axb4 51.axb4 Kd7 0-1

[Event "56th World U20 ch"]
[Site "Tarvisio ITA"]
[Date "2017.11.13"]
[Round "1.63"]
[White "Acosta, Pablo Ismael"]
[Black "Vangsgard, Bjarke"]
[Result "1-0"]
[WhiteElo "2402"]
[BlackElo "1987"]
[EventDate "2017.11.13"]
[PlyCount "87"]

1.c4 Nf6 2.g3 g6 3.Bg2 Bg7 4.Nc3 O-O 5.e4 d6 6.Nge2 c5 7.O-O Nc6 8.d3 a6 
9.f4 Rb8 10.a4 Bd7 11.h3 Ne8 12.Be3 Nc7 13.f5 b5 14.axb5 axb5 15.Rb1 bxc4 
16.dxc4 Na6 17.b3 Nab4 18.Qd2 Re8 19.Bh6 Bh8 20.h4 Ne5 21.h5 Nbc6 22.Nd5 
Ng4 23.Bh3 Nxh6 24.Qxh6 Bg7 25.Qd2 Ne5 26.hxg6 hxg6 27.Nef4 Qc8 28.Ne3 Rf8
29.Kh2 Qa6 30.Ned5 e6 31.fxe6 fxe6 32.Nc7 Qc6 33.Ncxe6 Bxe6 34.Bxe6+ Kh7 
35.Bd5 Qd7 36.Kg2 Qg4 37.Be6 Qg5 38.Rh1+ Bh6 39.Rxh6+ Kxh6 40.Rh1+ Kg7 41.
Nh5+ Qxh5 42.Rxh5 gxh5 43.Qxd6 Nf3 44.Bf5 1-0

[Event "56th World U20 ch"]
[Site "Tarvisio ITA"]
[Date "2017.11.13"]
[Round "1.64"]
[White "Donati, Michele"]
[Black "Begmuratov, Alisher"]
[Result "0-1"]
[WhiteElo "1978"]
[BlackElo "2401"]
[EventDate "2017.11.13"]
[PlyCount "54"]

1.c4 e5 2.g3 Nc6 3.Nc3 g6 4.Bg2 Bg7 5.Nf3 d6 6.O-O Nf6 7.d3 O-O 8.Rb1 a5 
9.a3 Re8 10.Bg5 h6 11.Bxf6 Bxf6 12.b4 axb4 13.axb4 Bg7 14.b5 Ne7 15.Qb3 
Be6 16.Nd2 c6 17.e4 h5 18.Ra1 Bh6 19.Nf3 Qb6 20.Na4 Qxb5 21.Qa3 Qa5 22.
Qxd6 b5 23.Nc5 Qxa1 24.Nxe6 Qa3 25.Nc5 Rad8 26.Qxe5 Nc8 27.Ra1 Rxe5 0-1

[Event "56th World U20 ch"]
[Site "Tarvisio ITA"]
[Date "2017.11.13"]
[Round "1.65"]
[White "Huber, Martin Christian"]
[Black "Song Yuxin"]
[Result "1-0"]
[WhiteElo "2396"]
[BlackElo "1951"]
[EventDate "2017.11.13"]
[PlyCount "141"]

1.d4 Nf6 2.c4 e6 3.Nf3 b6 4.a3 Bb7 5.Nc3 d5 6.cxd5 Nxd5 7.e3 Be7 8.Bb5+ c6
9.Bd3 c5 10.Nxd5 Bxd5 11.e4 Bc6 12.O-O cxd4 13.Bf4 Bd6 14.e5 Be7 15.Rc1 
O-O 16.Nxd4 Bb7 17.Bb1 Qd5 18.Nf3 Qxd1 19.Rfxd1 Bd5 20.Nd4 a5 21.Nf5 Bc5 
22.Be3 Bb3 23.Rd3 Bxe3 24.Ne7+ Kh8 25.Rxe3 a4 26.Bxh7 Ra7 27.Nc8 Rd7 28.
Bd3 g6 29.f4 Rd4 30.g3 Bc4 31.Rxc4 Rxc4 32.Bxc4 Rxc8 33.Bb5 Rc1+ 34.Kf2 
Rh1 35.Kg2 Rd1 36.Re2 Rd4 37.Kf3 Kg7 38.Ke3 Rd5 39.Bxa4 Na6 40.Bb3 Rd8 41.
Rd2 Rxd2 42.Kxd2 Nc5 43.Bc2 Kf8 44.b4 Nd7 45.Ba4 Nb8 46.Bb5 f6 47.exf6 Kf7
48.a4 Kxf6 49.a5 bxa5 50.bxa5 e5 51.fxe5+ Kxe5 52.a6 Nxa6 53.Bxa6 g5 54.
Ke3 Kf5 55.Bc8+ Ke5 56.Kf3 Kf6 57.Kg4 Kg6 58.Bf5+ Kf6 59.Bb1 Kf7 60.Kxg5 
Kg7 61.h4 Kf7 62.g4 Kg7 63.Bg6 Kg8 64.Kf6 Kh8 65.Bb1 Kg8 66.g5 Kh8 67.g6 
Kg8 68.Ba2+ Kh8 69.g7+ Kh7 70.g8=Q+ Kh6 71.Qh8# 1-0

[Event "56th World U20 ch"]
[Site "Tarvisio ITA"]
[Date "2017.11.13"]
[Round "1.66"]
[White "Cappelletto, Joshuaede"]
[Black "Wang Tongsen"]
[Result "0-1"]
[WhiteElo "1920"]
[BlackElo "2396"]
[EventDate "2017.11.13"]
[PlyCount "50"]

1.e4 c5 2.Nc3 Nc6 3.f4 e6 4.Nf3 d5 5.d3 Nf6 6.g3 b5 7.e5 Nd7 8.Bg2 b4 9.
Ne2 f5 10.O-O Be7 11.Kh1 a5 12.d4 Ba6 13.c3 a4 14.Re1 a3 15.Ng5 Bxg5 16.
fxg5 axb2 17.Bxb2 Bxe2 18.Rxe2 bxc3 19.Bxc3 O-O 20.Rb1 cxd4 21.Bxd4 Qxg5 
22.Be3 Qh5 23.Bf4 g5 24.Bd2 Rxa2 25.Rb7 Ndxe5 0-1

[Event "56th World U20 ch"]
[Site "Tarvisio ITA"]
[Date "2017.11.13"]
[Round "1.67"]
[White "Mohammad, Nubairshah Shaikh"]
[Black "Willathgamuwa, Rowan"]
[Result "1-0"]
[WhiteElo "2394"]
[BlackElo "1907"]
[EventDate "2017.11.13"]
[PlyCount "51"]

1.d4 d5 2.c4 c6 3.Nf3 Nf6 4.Nc3 e6 5.Bg5 dxc4 6.e4 b5 7.e5 h6 8.Bh4 g5 9.
Nxg5 hxg5 10.Bxg5 Nbd7 11.exf6 Bb4 12.g3 Nb6 13.Bg2 Nd5 14.O-O Bxc3 15.
bxc3 Bb7 16.Qd2 Qd6 17.a4 a5 18.axb5 cxb5 19.f4 b4 20.f5 O-O-O 21.fxe6 
Qxe6 22.Rxa5 Nxc3 23.Rc5+ Kb8 24.Bf4+ Ka7 25.Ra1+ Ba6 26.Rc7+ 1-0

[Event "56th World U20 ch"]
[Site "Tarvisio ITA"]
[Date "2017.11.13"]
[Round "1.68"]
[White "Valente, Joao Nuno Baptista"]
[Black "Percivaldi, Martin"]
[Result "0-1"]
[WhiteElo "1897"]
[BlackElo "2388"]
[EventDate "2017.11.13"]
[PlyCount "59"]

1.e4 e6 2.Qe2 c5 3.Nf3 Nc6 4.g3 g6 5.Bg2 Bg7 6.O-O d6 7.c3 Nge7 8.Rd1 e5 
9.a3 O-O 10.b4 h6 11.d3 b6 12.Nbd2 Be6 13.Bb2 Rc8 14.Nc4 Qd7 15.b5 Nd8 16.
a4 f5 17.Nfd2 Nf7 18.Ne3 f4 19.Nd5 g5 20.a5 Nxd5 21.exd5 Bf5 22.axb6 axb6 
23.Nc4 Rb8 24.Be4 g4 25.Bc1 Bxe4 26.dxe4 Ng5 27.Rf1 Nf3+ 28.Kh1 Qf7 29.Nd2
Nxh2 30.Kxh2 0-1

[Event "56th World U20 ch"]
[Site "Tarvisio ITA"]
[Date "2017.11.13"]
[Round "1.69"]
[White "Lopez Gonzalez, Abel Fabian"]
[Black "Lin Zhaochen"]
[Result "1-0"]
[WhiteElo "2384"]
[BlackElo "1852"]
[EventDate "2017.11.13"]
[PlyCount "93"]

1.e4 c6 2.d4 d5 3.Nd2 dxe4 4.Nxe4 Bf5 5.Ng3 Bg6 6.h4 h6 7.h5 Bh7 8.Nf3 Nd7
9.Bd3 Bxd3 10.Qxd3 e6 11.Bd2 Ngf6 12.O-O-O Be7 13.Kb1 O-O 14.Ne4 Nxe4 15.
Qxe4 Nf6 16.Qe2 Qd5 17.Be3 Ng4 18.Bc1 Bd6 19.Nd2 Nf6 20.Nc4 Bc7 21.g4 Qe4 
22.Ne3 Bf4 23.f3 Qh7 24.Nc4 Bxc1 25.Rxc1 Rfd8 26.Rhd1 Rd5 27.Ka1 Rad8 28.
c3 Kf8 29.Ne5 Ke7 30.Re1 Rg8 31.f4 Nd7 32.Nc4 Nf8 33.Ne3 Ra5 34.c4 Kd7 35.
d5 Kc8 36.dxc6 bxc6 37.c5 Nd7 38.b4 Rb5 39.Nc4 Rxb4 40.Nd6+ Kc7 41.Qa6 
Nxc5 42.Qxa7+ Nb7 43.Nxb7 Ra8 44.Rxc6+ Kxc6 45.Qc5+ Kxb7 46.Qxb4+ Kc7 47.
Rc1+ 1-0

[Event "56th World U20 ch"]
[Site "Tarvisio ITA"]
[Date "2017.11.13"]
[Round "1.70"]
[White "Chinguun, Bayaraa"]
[Black "Makhnev, Denis"]
[Result "0-1"]
[WhiteElo "1820"]
[BlackElo "2379"]
[EventDate "2017.11.13"]
[PlyCount "66"]

1.d4 d5 2.c4 dxc4 3.e3 e5 4.Bxc4 exd4 5.exd4 Bd6 6.Nf3 Nf6 7.O-O O-O 8.h3 
h6 9.Nc3 Nc6 10.Be3 Bf5 11.a3 a6 12.Rc1 Qd7 13.Re1 Rfe8 14.Bd3 Rad8 15.Qc2
Bxh3 16.gxh3 Qxh3 17.Qd1 Nxd4 18.Bxd4 Rxe1+ 19.Qxe1 Qg4+ 20.Kf1 Qxf3 21.
Be4 Qh3+ 22.Bg2 Qd3+ 23.Ne2 Ng4 24.Qc3 Qf5 25.Qc2 Nh2+ 26.Ke1 Nf3+ 27.Bxf3
Qxf3 28.Qc3 Qh5 29.Kf1 c5 30.Bxg7 Qh1+ 31.Ng1 Bh2 32.Ke2 Re8+ 33.Kd2 Bf4+ 
0-1

[Event "56th World U20 ch"]
[Site "Tarvisio ITA"]
[Date "2017.11.13"]
[Round "1.71"]
[White "Zhao Yuanhe"]
[Black "Gomez Barrera, Gonzalo Andres"]
[Result "1-0"]
[WhiteElo "2377"]
[BlackElo "1741"]
[EventDate "2017.11.13"]
[PlyCount "87"]

1.d4 Nf6 2.c4 g6 3.Nc3 Bg7 4.e4 d6 5.h3 O-O 6.Nf3 e5 7.d5 a5 8.g4 Na6 9.
Be3 Nc5 10.Nd2 Ne8 11.h4 f5 12.g5 f4 13.Bxc5 dxc5 14.Qf3 Bh8 15.Bh3 Ng7 
16.O-O-O a4 17.a3 c6 18.Bxc8 Rxc8 19.Nf1 Qa5 20.Nh2 Nh5 21.dxc6 bxc6 22.
Rd7 Rb8 23.Rhd1 Rb3 24.Qh3 Bg7 25.Qd3 f3 26.Rd8 Rb8 27.Rxb8 Rxb8 28.Qc2 
Rf8 29.Rd7 Nf4 30.Nxf3 Ne6 31.Qd1 Nd4 32.Nxd4 exd4 33.Qxa4 Qb6 34.Nd1 Qb8 
35.Qa7 Qf4+ 36.Kb1 Qxe4+ 37.Ka2 Bh8 38.Qxc5 Qf3 39.Qe7 Qf7 40.Qxf7+ Rxf7 
41.Rxf7 Kxf7 42.Kb3 d3 43.c5 Ke6 44.Kc4 1-0

[Event "56th World U20 ch"]
[Site "Tarvisio ITA"]
[Date "2017.11.13"]
[Round "1.72"]
[White "Chan Sheng Liang, Bernard"]
[Black "Nikitenko, Mikhail"]
[Result "0-1"]
[WhiteElo "1698"]
[BlackElo "2376"]
[EventDate "2017.11.13"]
[PlyCount "64"]

1.d4 d5 2.c4 c6 3.Nf3 Nf6 4.cxd5 cxd5 5.Bf4 Nc6 6.Nc3 e6 7.e3 Be7 8.Bd3 
Bd7 9.Rc1 O-O 10.O-O Qa5 11.Qb3 Qb4 12.Qxb4 Nxb4 13.Bb1 Nh5 14.Ne5 Be8 15.
Bg3 Nxg3 16.hxg3 f6 17.Nf3 Nc6 18.a3 Bd7 19.Ba2 f5 20.b4 Rfc8 21.Nb1 b5 
22.Ne5 Nxe5 23.dxe5 Kf8 24.Rfd1 Ke8 25.Kf1 a5 26.bxa5 Rxa5 27.Rxc8+ Bxc8 
28.Rd3 b4 29.Rd2 bxa3 30.Rc2 Ba6+ 31.Kg1 Kd7 32.Nd2 Rc5 0-1

[Event "56th World U20 ch"]
[Site "Tarvisio ITA"]
[Date "2017.11.13"]
[Round "1.73"]
[White "Lamard, Guillaume"]
[Black "Posocco, Dennis"]
[Result "1-0"]
[WhiteElo "2376"]
[BlackElo "1564"]
[EventDate "2017.11.13"]
[PlyCount "47"]

1.Nf3 d5 2.d4 Nf6 3.c4 e6 4.g3 Be7 5.Bg2 c6 6.Qc2 b6 7.O-O Nbd7 8.Nbd2 Bb7
9.Rd1 Rc8 10.e4 c5 11.exd5 exd5 12.Qf5 dxc4 13.Nxc4 cxd4 14.b3 Rc5 15.Qf4 
b5 16.Nd6+ Bxd6 17.Qxd6 Bxf3 18.Bxf3 Re5 19.Ba3 a5 20.Re1 b4 21.Rxe5+ Nxe5
22.Qxe5+ Qe7 23.Qb8+ Qd8 24.Bc6+ 1-0

[Event "56th World U20 ch"]
[Site "Tarvisio ITA"]
[Date "2017.11.13"]
[Round "1.74"]
[White "Bersamina, Paulo"]
[Black "Araya Pozo, Francisco Javier"]
[Result "1-0"]
[WhiteElo "2404"]
[BlackElo "1416"]
[EventDate "2017.11.13"]
[PlyCount "21"]

1.e4 e6 2.d4 d5 3.Nc3 Bb4 4.a3 Bxc3+ 5.bxc3 Ne7 6.Bd3 dxe4 7.Bxe4 Nbc6 8.
Nf3 b6 9.Ng5 Bb7 10.Qf3 f5 11.Nxe6 1-0

[Event "56th World U20 ch"]
[Site "Tarvisio ITA"]
[Date "2017.11.14"]
[Round "2.1"]
[White "Narayanan, Sunilduth Lyna"]
[Black "Vykouk, Jan"]
[Result "1-0"]
[WhiteElo "2585"]
[BlackElo "2430"]
[EventDate "2017.11.13"]
[PlyCount "137"]

1.Nf3 d5 2.d4 Nf6 3.c4 c6 4.Nc3 e6 5.e3 a6 6.b3 Bb4 7.Bd2 Qe7 8.Bd3 Nbd7 
9.O-O O-O 10.Qe1 a5 11.e4 dxc4 12.bxc4 e5 13.d5 Nc5 14.Bc2 Bg4 15.Qe3 Ncd7
16.h3 Bc5 17.Qd3 Bxf3 18.Qxf3 Bd4 19.Rab1 Rfb8 20.Ne2 Qc5 21.Bd3 Ne8 22.
Nxd4 Qxd4 23.Rb3 Qa7 24.Be3 c5 25.Qg3 Nd6 26.Bh6 g6 27.f4 Re8 28.fxe5 Rxe5
29.Bf4 Rae8 30.Bxe5 Rxe5 31.Rf6 Qb8 32.Rb1 Qf8 33.Rf3 Qe7 34.Qf2 b6 35.Rf1
Kg7 36.Rf4 f6 37.Bc2 g5 38.Rf3 h6 39.Ba4 Nxe4 40.Qb2 Nf8 41.Re3 Ng6 42.
Qxb6 Nd6 43.Rxe5 Qxe5 44.Qc7+ Kg8 45.Qd8+ Kg7 46.Qd7+ Nf7 47.Qf5 Qd4+ 48.
Qf2 Qc3 49.Be8 Nf4 50.Bxf7 Kxf7 51.Rd1 Qxc4 52.d6 Ne2+ 53.Kh1 Nd4 54.Re1 
Qd5 55.Re7+ Kg6 56.d7 Nf5 57.Qc2 h5 58.Re2 Kg7 59.Qxf5 Qxf5 60.Re7+ Kh6 
61.d8=Q Qf1+ 62.Kh2 Qf4+ 63.Kg1 Qc1+ 64.Kf2 Qf4+ 65.Ke2 Qc4+ 66.Qd3 Qxa2+ 
67.Kf3 g4+ 68.hxg4 hxg4+ 69.Kg3 1-0

[Event "56th World U20 ch"]
[Site "Tarvisio ITA"]
[Date "2017.11.14"]
[Round "2.2"]
[White "Karthikeyan, Murali"]
[Black "Vrolijk, Liam"]
[Result "1-0"]
[WhiteElo "2578"]
[BlackElo "2425"]
[EventDate "2017.11.13"]
[PlyCount "47"]

1.Nf3 Nf6 2.c4 e6 3.Nc3 Bb4 4.Qc2 O-O 5.a3 Bxc3 6.Qxc3 d6 7.b4 e5 8.Bb2 a5
9.e3 Bg4 10.Be2 axb4 11.axb4 Rxa1+ 12.Bxa1 e4 13.Ng5 Bxe2 14.Kxe2 Re8 15.
f3 d5 16.cxd5 exf3+ 17.gxf3 Qxd5 18.Rg1 Nbd7 19.Ne4 Qh5 20.Nxf6+ Nxf6 21.
Qxc7 Qb5+ 22.Ke1 Qd3 23.Bxf6 Rxe3+ 24.Kd1 1-0

[Event "56th World U20 ch"]
[Site "Tarvisio ITA"]
[Date "2017.11.14"]
[Round "2.3"]
[White "Pichot, Alan"]
[Black "Rakotomaharo, Fy Antenaina"]
[Result "1-0"]
[WhiteElo "2568"]
[BlackElo "2414"]
[EventDate "2017.11.13"]
[PlyCount "57"]

1.e4 c5 2.Nf3 Nc6 3.d4 cxd4 4.Nxd4 e5 5.Nb5 d6 6.N1c3 a6 7.Na3 Be7 8.Be3 
Nf6 9.Nc4 b5 10.Nb6 Rb8 11.Nxc8 Qxc8 12.Be2 O-O 13.O-O b4 14.Nd5 Nxe4 15.
a4 Bd8 16.Qd3 Nc5 17.Bxc5 dxc5 18.Qxa6 Nd4 19.Qc4 Qf5 20.c3 bxc3 21.bxc3 
Nb3 22.Rab1 Nd2 23.Rxb8 Nxc4 24.Rxd8 Qg5 25.Rxf8+ Kxf8 26.Bxc4 Qh4 27.Nb6 
Qd8 28.a5 e4 29.Bd5 1-0

[Event "56th World U20 ch"]
[Site "Tarvisio ITA"]
[Date "2017.11.14"]
[Round "2.4"]
[White "Petrov, Martin"]
[Black "Donchenko, Alexander"]
[Result "1/2-1/2"]
[WhiteElo "2431"]
[BlackElo "2567"]
[EventDate "2017.11.13"]
[PlyCount "78"]

1.e4 c6 2.d4 d5 3.e5 Bf5 4.Nf3 e6 5.Be2 Ne7 6.O-O h6 7.Nbd2 Nd7 8.Nb3 g5 
9.Ne1 Qc7 10.Bd3 O-O-O 11.Bd2 f6 12.exf6 Ng6 13.Bxf5 exf5 14.Qf3 f4 15.Qd3
Rg8 16.c4 Nxf6 17.Qf5+ Qd7 18.Qxf6 dxc4 19.Ba5 Be7 20.Qf7 Qd5 21.Qxd5 Rxd5
22.Nc2 cxb3 23.axb3 a6 24.Bc3 Rb5 25.b4 Rd5 26.Rfe1 Bf6 27.Re6 Rf8 28.Rae1
Kd7 29.Na3 Ne7 30.b5 Nf5 31.bxc6+ bxc6 32.Nc2 a5 33.R6e4 Nd6 34.Re6 h5 35.
Kf1 Rf7 36.R6e2 Nc4 37.Ra1 Bd8 38.Ra4 Nd6 39.Ne1 Bb6 $11 1/2-1/2

[Event "56th World U20 ch"]
[Site "Tarvisio ITA"]
[Date "2017.11.14"]
[Round "2.5"]
[White "Gomez Sanchez, Jorge Marcos"]
[Black "Alexeenko, Kiril"]
[Result "0-1"]
[WhiteElo "2426"]
[BlackElo "2563"]
[EventDate "2017.11.13"]
[PlyCount "88"]

1.e4 c5 2.Nf3 Nc6 3.Nc3 d6 4.d4 cxd4 5.Nxd4 e6 6.g3 Nf6 7.Bg2 Be7 8.O-O 
O-O 9.Kh1 Bd7 10.Nb3 a6 11.a4 Na5 12.Nxa5 Qxa5 13.f4 Bc6 14.g4 Nd7 15.g5 
Rfe8 16.Bd2 Qc5 17.Re1 b5 18.Be3 Qc4 19.Bf1 Qb4 20.a5 Rac8 21.Bd2 Qd4 22.
Qe2 Bb7 23.Rad1 Qc5 24.b4 Qc7 25.Bg2 Qb8 26.Qd3 Nf8 27.h4 Rc4 28.Nb1 d5 
29.Na3 dxe4 30.Qb3 Rd4 31.h5 Rxd2 32.Rxd2 Qxf4 33.Rde2 Qxg5 34.c4 Qxh5+ 
35.Kg1 Bh4 36.cxb5 Bxe1 37.Rxe1 axb5 38.Qg3 Ng6 39.Qc7 Qd5 40.Qb6 Qd2 41.
Rf1 Nf4 42.Rxf4 Qxf4 43.Qxb7 Rd8 44.Qxb5 e3 0-1

[Event "56th World U20 ch"]
[Site "Tarvisio ITA"]
[Date "2017.11.14"]
[Round "2.7"]
[White "Petrosian, Manuel"]
[Black "Bersamina, Paulo"]
[Result "1-0"]
[WhiteElo "2554"]
[BlackElo "2404"]
[EventDate "2017.11.13"]
[PlyCount "89"]

1.d4 Nf6 2.c4 e6 3.Nc3 Bb4 4.Qc2 b6 5.a3 Bxc3+ 6.Qxc3 Bb7 7.Nf3 d6 8.e3 
Nbd7 9.Be2 Qe7 10.O-O e5 11.b3 O-O 12.Bb2 Ne4 13.Qc2 Ng5 14.Nxg5 Qxg5 15.
d5 Qg6 16.Bd3 f5 17.f4 e4 18.Be2 c6 19.dxc6 Bxc6 20.b4 Rfd8 21.Rad1 Nf6 
22.Rd2 Qe8 23.b5 Bb7 24.Rfd1 Qe7 25.Qb3 Kf8 26.Qb4 Ne8 27.Be5 Rac8 28.Bxd6
Nxd6 29.Rxd6 Rxd6 30.Rxd6 Ke8 31.Bh5+ g6 32.Be2 Rd8 33.c5 bxc5 34.Rxd8+ 
Kxd8 35.Qa5+ Qc7 36.Qxa7 Bd5 37.b6 Qxa7 38.bxa7 Kc7 39.Bc4 Bc6 40.Bg8 Kb7 
41.Bxh7 Be8 42.Kf2 Kxa7 43.Ke1 Kb6 44.Kd2 Kb5 45.Kc3 1-0

[Event "56th World U20 ch"]
[Site "Tarvisio ITA"]
[Date "2017.11.14"]
[Round "2.8"]
[White "Liu Yan"]
[Black "Bai Jinshi"]
[Result "1/2-1/2"]
[WhiteElo "2422"]
[BlackElo "2553"]
[EventDate "2017.11.13"]
[PlyCount "60"]

1.d4 Nf6 2.Nf3 g6 3.c4 Bg7 4.g3 d5 5.Bg2 c6 6.cxd5 cxd5 7.O-O O-O 8.Nc3 
Ne4 9.Nd2 Nxd2 10.Qxd2 Nc6 11.e3 e6 12.b3 Qa5 13.Na4 Qxd2 14.Bxd2 b6 15.
Rfc1 Bb7 16.Bc3 Rfc8 17.Bb2 Nb4 18.Bc3 Bf8 19.Bf1 Bd6 20.a3 Nc6 21.b4 Ne7 
22.Bb2 Rxc1 23.Rxc1 Rc8 24.Nc3 Nf5 25.Nb5 Rxc1 26.Bxc1 Bb8 27.a4 Nd6 28.
Nxd6 Bxd6 29.Bd2 f5 30.f4 Kf7 1/2-1/2